| 000 | 00665nam a2200241Ia 4500 | ||
|---|---|---|---|
| 003 | 0100 | ||
| 005 | 20161220083159.0 | ||
| 008 | 130303s9999 xx 000 0 und d | ||
| 020 | _a0385135173 | ||
| 040 | _cARRUPELIB | ||
| 050 | _aREF. BS192.2.A11964.G3 1987 | ||
| 100 |
_aDi Lella, Alexander A _928102 |
||
| 245 | 4 | _aThe Wisdom of Ben Sira | |
| 250 | _a1st ed. | ||
| 260 | _aNew york | ||
| 260 | _bDoubleday & Co. | ||
| 300 | _axxiii | ||
| 300 | _b 620p. 25cm. | ||
| 440 |
_aThe anchor bible series ; v. 39 _928115 |
||
| 650 |
_aBible _xSirach _xCommentaries _928116 |
||
| 700 |
_aSkehan , Patrick W. (tr ; notes ) _928117 |
||
| 942 |
_2lcc _cMONOGRAPH |
||
| 999 |
_c22574 _d22574 |
||